| 000 | 003570000a22001570004500 | ||
|---|---|---|---|
| 001 | 002525 | ||
| 003 | MACL | ||
| 040 | _aMACL | ||
| 090 |
_c14518 _d14517 |
||
| 100 | _aSarvagatananda, Swami | ||
| 245 |
_aYou will be a Paramahamsa _cSwami Sarvagatananda |
||
| 260 |
_aSwami Sarvagatananda, _c2005 |
||
| 350 | _a25 | ||
| 650 | _aReligion | ||
| 942 |
_k291 _cBook |
||
| 999 |
_c14435 _d14435 |
||